[Event "queimadasfitas"]
[Site "?"]
[Date "2024.04.25"]
[Round "1.12"]
[White "Cichecki, Adam Ksawery"]
[Black "Goncalves, Samuel Jesus Pereira"]
[Result "1/2-1/2"]
[LiveChessVersion "1.4.8"]
[BlackElo "2190"]
[WhiteElo "1659"]

1. e4 {[%clk 1:30:57]} c5 {[%clk 1:27:54]} 2. Nf3 {[%clk 1:30:56]} a6
{[%clk 1:28:13]} 3. d4 {[%clk 1:29:57]} cxd4 {[%clk 1:28:35]} 4. Nxd4
{[%clk 1:30:14]} Nf6 {[%clk 1:28:57]} 5. Nc3 {[%clk 1:29:34]} e5 {[%clk 1:29:17]}
6. Nf3 {[%clk 1:28:27]} Bb4 {[%clk 1:29:35]} 7. Bd2 {[%clk 1:28:07]} O-O
{[%clk 1:28:36]} 8. Bd3 {[%clk 1:27:54]} d5 {[%clk 1:24:16]} 9. Qe2
{[%clk 1:23:01]} Nc6 {[%clk 1:22:16]} 10. Nxd5 {[%clk 1:18:09]} Bxd2+
{[%clk 1:21:16]} 11. Qxd2 {[%clk 1:17:04]} Nxd5 {[%clk 1:20:55]} 12. exd5
{[%clk 1:17:25]} e4 {[%clk 1:21:22]} 13. dxc6 {[%clk 1:16:29]} exf3
{[%clk 1:19:44]} 14. gxf3 {[%clk 1:13:41]} Qf6 {[%clk 1:15:18]} 15. O-O-O
{[%clk 1:10:53]} bxc6 {[%clk 1:13:48]} 16. Be4 {[%clk 1:08:58]} Be6
{[%clk 1:13:19]} 17. Qd4 {[%clk 1:05:42]} Qg5+ {[%clk 1:13:04]} 18. Qe3
{[%clk 1:05:47]} Qa5 {[%clk 1:11:09]} 19. a3 {[%clk 1:05:23]} Rab8
{[%clk 1:06:16]} 20. Rhg1 {[%clk 1:04:03]} Qb5 {[%clk 0:57:06]} 21. Qc3
{[%clk 0:58:14]} f6 {[%clk 0:54:30]} 22. Rd6 {[%clk 0:57:43]} Kf7
{[%clk 0:33:56]} 23. Bxh7 {[%clk 0:47:54]} Rfd8 {[%clk 0:32:52]} 24. Bg6+
{[%clk 0:42:51]} Ke7 {[%clk 0:33:21]} 25. Rxd8 {[%clk 0:42:54]} Rxd8
{[%clk 0:33:49]} 26. Bd3 {[%clk 0:43:02]} Qd5 {[%clk 0:32:42]} 27. Rxg7+
{[%clk 0:43:10]} Bf7 {[%clk 0:33:11]} 28. Qb4+ {[%clk 0:37:53]} c5
{[%clk 0:31:49]} 29. Qe4+ {[%clk 0:38:11]} Kf8 {[%clk 0:30:45]} 30. Qxd5
{[%clk 0:37:15]} Bxd5 {[%clk 0:31:13]} 31. Rh7 {[%clk 0:36:52]} Kg8
{[%clk 0:31:08]} 32. Rh3 {[%clk 0:37:05]} c4 {[%clk 0:31:27]} 33. Be4
{[%clk 0:36:37]} Be6 {[%clk 0:31:27]} 34. Rg3+ {[%clk 0:36:11]} Kf7
{[%clk 0:31:56]} 35. c3 {[%clk 0:35:24]} f5 {[%clk 0:32:14]} 36. Bc2
{[%clk 0:35:17]} Kf6 {[%clk 0:32:15]} 37. f4 {[%clk 0:35:36]} Rh8
{[%clk 0:32:43]} 38. h3 {[%clk 0:34:36]} Rh4 {[%clk 0:33:11]} 39. Kd2
{[%clk 0:33:49]} Rxf4 {[%clk 0:33:39]} 40. Ke3 {[%clk 0:32:00]} Rh4
{[%clk 0:34:08]} 41. f4 {[%clk 0:31:39]} Rh8 {[%clk 0:34:36]} 42. Ba4
{[%clk 0:28:59]} Rd8 {[%clk 0:34:35]} 43. Rf3 {[%clk 0:26:48]} Bf7
{[%clk 0:34:20]} 44. Kf2 {[%clk 0:22:49]} Rd2+ {[%clk 0:34:26]} 45. Kg3
{[%clk 0:23:06]} Rxb2 {[%clk 0:34:50]} 46. Bc6 {[%clk 0:23:19]} Rb6
{[%clk 0:34:42]} 47. Ba8 {[%clk 0:22:41]} Rb8 {[%clk 0:24:06]} 48. Bc6
{[%clk 0:23:00]} Rb6 {[%clk 0:14:35]} 49. Ba8 {[%clk 0:23:28]} Rb3
{[%clk 0:08:04]} 50. a4 {[%clk 0:23:26]} Ra3 {[%clk 0:08:00]} 51. Bc6
{[%clk 0:23:39]} Ke6 {[%clk 0:08:27]} 52. Kh4 {[%clk 0:21:07]} Kd6
{[%clk 0:08:38]} 53. Ba8 {[%clk 0:21:16]} Rxa4 {[%clk 0:04:58]} 54. Kg5
{[%clk 0:21:22]} Ra1 {[%clk 0:04:38]} 55. Kxf5 {[%clk 0:20:42]} a5
{[%clk 0:05:04]} 56. Re3 {[%clk 0:19:43]} a4 {[%clk 0:05:02]} 57. Re5
{[%clk 0:19:25]} a3 {[%clk 0:05:01]} 58. Kf6 {[%clk 0:18:04]} Rf1
{[%clk 0:01:50]} 59. Ra5 {[%clk 0:18:14]} Rxf4+ {[%clk 0:02:00]} 60. Kg5
{[%clk 0:18:20]} Rf1 {[%clk 0:01:49]} 61. Rxa3 {[%clk 0:18:30]} Be6
{[%clk 0:01:49]} 62. h4 {[%clk 0:17:19]} Rg1+ {[%clk 0:02:15]} 63. Kf4
{[%clk 0:16:07]} Rg4+ {[%clk 0:02:15]} 64. Ke3 {[%clk 0:16:27]} Rxh4
{[%clk 0:02:24]} 65. Ra6+ {[%clk 0:16:02]} Ke5 {[%clk 0:02:50]} 66. Ra5+
{[%clk 0:16:16]} Kf6 {[%clk 0:03:16]} 67. Be4 {[%clk 0:16:10]} Rh8
{[%clk 0:02:40]} 68. Kd4 {[%clk 0:15:57]} Rh4 {[%clk 0:02:04]} 1/2-1/2

[Event "queimadasfitas"]
[Site "?"]
[Date "2024.04.25"]
[Round "1.13"]
[White "Pinsach Gelabert, Alexandre"]
[Black "Tsuzuki, Yan"]
[Result "1-0"]
[LiveChessVersion "1.4.8"]
[BlackElo "1657"]
[WhiteElo "2169"]

1. e4 {[%clk 1:30:55]} c6 {[%clk 1:30:51]} 2. Nf3 {[%clk 1:29:43]} d5
{[%clk 1:31:07]} 3. Nc3 {[%clk 1:30:00]} dxe4 {[%clk 1:31:23]} 4. Nxe4
{[%clk 1:30:23]} Nf6 {[%clk 1:31:41]} 5. Ng3 {[%clk 1:27:06]} Bg4
{[%clk 1:28:56]} 6. h3 {[%clk 1:19:30]} Bxf3 {[%clk 1:28:31]} 7. Qxf3
{[%clk 1:19:55]} e6 {[%clk 1:28:20]} 8. c3 {[%clk 1:18:40]} Nbd7 {[%clk 1:21:27]}
9. d4 {[%clk 1:18:13]} Bd6 {[%clk 1:18:46]} 10. Bd3 {[%clk 1:16:52]} O-O
{[%clk 1:07:46]} 11. O-O {[%clk 1:16:57]} Qc7 {[%clk 1:00:29]} 12. Bg5
{[%clk 1:13:26]} e5 {[%clk 0:48:51]} 13. Nf5 {[%clk 1:01:18]} exd4
{[%clk 0:42:12]} 14. cxd4 {[%clk 0:59:20]} Rfe8 {[%clk 0:34:29]} 15. Nh6+
{[%clk 0:54:18]} gxh6 {[%clk 0:30:40]} 16. Bxf6 {[%clk 0:53:13]} Nxf6
{[%clk 0:30:37]} 17. Qxf6 {[%clk 0:53:23]} Re6 {[%clk 0:23:12]} 18. Qf5
{[%clk 0:49:22]} Rg6 {[%clk 0:23:02]} 19. Rfe1 {[%clk 0:48:15]} Rg7
{[%clk 0:16:23]} 20. Re4 {[%clk 0:46:15]} Qc8 {[%clk 0:14:19]} 21. Qh5
{[%clk 0:36:08]} f5 {[%clk 0:10:24]} 22. Bc4+ {[%clk 0:32:10]} Kh8
{[%clk 0:08:55]} 23. Re6 {[%clk 0:30:16]} Bf4 {[%clk 0:03:47]} 24. Rae1
{[%clk 0:25:12]} Rg8 {[%clk 0:03:07]} 25. Qxf5 {[%clk 0:18:19]} Qf8
{[%clk 0:02:02]} 26. Rf6 {[%clk 0:14:38]} Qg7 {[%clk 0:01:47]} 27. Bxg8
{[%clk 0:12:48]} Rxg8 {[%clk 0:02:10]} 28. g4 {[%clk 0:12:44]} Bb8
{[%clk 0:01:05]} 29. Rf7 {[%clk 0:11:42]} Qg6 30. Qxg6 {[%clk 0:10:27]} Rxg6
{[%clk 0:01:03]} 31. Rf8+ 1-0

[Event "queimadasfitas"]
[Site "?"]
[Date "2024.04.25"]
[Round "1.14"]
[White "Tenreiro, Manuel Costa Dias Torres"]
[Black "Dias, Ivo Rodrigues"]
[Result "0-1"]
[LiveChessVersion "1.4.8"]
[BlackElo "2145"]
[WhiteElo "1655"]

1. e4 {[%clk 1:30:53]} c5 {[%clk 1:30:36]} 2. Nf3 {[%clk 1:30:48]} e6
{[%clk 1:30:55]} 3. d4 {[%clk 1:30:12]} cxd4 {[%clk 1:31:15]} 4. Nxd4
{[%clk 1:30:32]} a6 {[%clk 1:31:31]} 5. Nc3 {[%clk 1:27:26]} Qc7 {[%clk 1:31:51]}
6. a3 {[%clk 1:26:53]} b5 {[%clk 1:31:30]} 7. Be2 {[%clk 1:23:55]} Bb7
{[%clk 1:31:17]} 8. f3 {[%clk 1:23:31]} Nf6 {[%clk 1:30:52]} 9. O-O
{[%clk 1:23:06]} Bd6 {[%clk 1:30:28]} 10. h3 {[%clk 1:10:21]} Nh5
{[%clk 1:27:11]} 11. f4 {[%clk 0:58:21]} Nxf4 {[%clk 1:22:52]} 12. Bxf4
{[%clk 0:58:26]} Bxf4 {[%clk 1:23:06]} 13. Bf3 {[%clk 0:58:10]} Be5
{[%clk 1:22:23]} 14. Nce2 {[%clk 0:53:25]} O-O {[%clk 1:20:44]} 15. Kh1
{[%clk 0:52:00]} d6 {[%clk 1:18:59]} 16. c3 {[%clk 0:51:04]} Nd7 {[%clk 1:19:26]}
17. Nb3 {[%clk 0:49:29]} Rad8 {[%clk 1:18:23]} 18. Rc1 {[%clk 0:48:54]} Nb6
{[%clk 1:18:30]} 19. Ned4 {[%clk 0:45:29]} Nc4 {[%clk 1:18:05]} 20. Qe2
{[%clk 0:45:17]} Qe7 {[%clk 1:17:47]} 21. Rfd1 {[%clk 0:41:53]} Qh4
{[%clk 1:17:21]} 22. Qe1 {[%clk 0:41:33]} Qf4 {[%clk 1:16:41]} 23. Qg1
{[%clk 0:40:50]} Nxb2 {[%clk 1:16:59]} 24. Rf1 {[%clk 0:40:29]} Qh4
{[%clk 1:16:20]} 25. Rc2 {[%clk 0:39:19]} Nc4 {[%clk 1:16:35]} 26. Re2
{[%clk 0:38:34]} Bg3 {[%clk 1:11:44]} 27. Ra1 {[%clk 0:37:13]} Ne5
{[%clk 1:11:56]} 28. a4 {[%clk 0:36:08]} bxa4 {[%clk 1:10:57]} 29. Rxa4
{[%clk 0:35:50]} Nd3 {[%clk 1:09:17]} 30. Raa2 {[%clk 0:35:15]} g6
{[%clk 1:08:31]} 31. Qe3 {[%clk 0:33:41]} Nf4 {[%clk 1:02:02]} 32. Red2
{[%clk 0:32:08]} e5 {[%clk 1:01:04]} 33. Nc2 {[%clk 0:30:01]} Ne6
{[%clk 0:57:10]} 34. Qb6 {[%clk 0:28:20]} Rb8 {[%clk 0:55:52]} 35. Qxd6
{[%clk 0:27:14]} Bf4 {[%clk 0:55:57]} 36. Re2 {[%clk 0:26:36]} Rbd8
{[%clk 0:55:54]} 0-1

[Event "queimadasfitas"]
[Site "?"]
[Date "2024.04.25"]
[Round "1.16"]
[White "Chipelo, Tomas Miguel Da Silva"]
[Black "Gama, Edivaldo Pereira Da"]
[Result "0-1"]
[LiveChessVersion "1.4.8"]
[BlackElo "2109"]
[WhiteElo "1652"]

1. d4 Nf6 2. Nf3 c5 3. e3 g6 4. b3 Bg7 5. Bb2 O-O 6. Be2 d6 7. O-O cxd4 8. Nxd4
Nc6 9. Nd2 Bd7 10. c4 Qb6 11. Nxc6 bxc6 12. Qc2 Bf5 13. Bd3 Bxd3 14. Qxd3 Rfd8
15. Rac1 d5 16. cxd5 cxd5 17. Bd4 Qd6 18. Nf3 a5 19. Bc5 Qd7 20. a3 Ne4 21. b4
axb4 22. Bxb4 e6 23. Nd4 Rdc8 24. f3 Nd6 25. Nb3 Nc4 26. Nd2 Ne5 27. Qb3 Qb5 28.
Rxc8+ Rxc8 29. a4 Qa6 30. Bc3 Rxc3 31. Qxc3 Nxf3+ 0-1

[Event "queimadasfitas"]
[Site "?"]
[Date "2024.04.25"]
[Round "1.17"]
[White "Novais, Carlos  Fernandes"]
[Black "Maissa, Susana Flora Cesana"]
[Result "1-0"]
[LiveChessVersion "1.4.8"]
[BlackElo "1650"]
[WhiteElo "2101"]

1. c4 {[%clk 1:30:51]} c6 {[%clk 1:29:52]} 2. e4 {[%clk 1:31:11]} d5
{[%clk 1:29:43]} 3. cxd5 {[%clk 1:31:22]} cxd5 {[%clk 1:29:53]} 4. exd5
{[%clk 1:31:44]} Nf6 {[%clk 1:28:35]} 5. Nc3 {[%clk 1:32:01]} Nxd5
{[%clk 1:25:59]} 6. Bc4 {[%clk 1:30:59]} Nxc3 {[%clk 1:23:20]} 7. Qf3
{[%clk 1:29:58]} e6 {[%clk 1:22:13]} 8. bxc3 {[%clk 1:29:53]} Nc6
{[%clk 1:22:10]} 9. d4 {[%clk 1:29:40]} Qa5 {[%clk 1:18:14]} 10. Ne2
{[%clk 1:26:40]} Bd6 {[%clk 1:16:37]} 11. O-O {[%clk 1:26:20]} O-O
{[%clk 1:15:59]} 12. Ng3 {[%clk 1:25:45]} Ne7 {[%clk 1:13:19]} 13. Bd3
{[%clk 1:19:04]} Ng6 {[%clk 1:12:01]} 14. Ne4 {[%clk 1:18:37]} Be7
{[%clk 1:03:50]} 15. Bd2 {[%clk 1:14:54]} Qc7 {[%clk 1:04:02]} 16. Qh5
{[%clk 1:13:30]} Bd7 {[%clk 0:59:37]} 17. Ng5 {[%clk 1:10:27]} Bxg5
{[%clk 0:56:42]} 18. Qxg5 {[%clk 1:10:21]} Qd8 {[%clk 0:55:00]} 19. Qg3
{[%clk 1:03:51]} Bc6 {[%clk 0:54:17]} 20. Rfe1 {[%clk 1:03:40]} Rc8
{[%clk 0:54:20]} 21. Rac1 {[%clk 1:04:00]} Qh4 {[%clk 0:43:41]} 22. Bxg6
{[%clk 1:02:16]} Qxg3 {[%clk 0:43:38]} 23. Bxf7+ {[%clk 1:02:40]} Rxf7
{[%clk 0:39:39]} 24. hxg3 {[%clk 1:02:58]} Bd5 {[%clk 0:39:35]} 25. a4
{[%clk 1:01:19]} Rfc7 {[%clk 0:38:30]} 26. Ra1 {[%clk 0:59:55]} Kf7
{[%clk 0:37:38]} 27. f3 {[%clk 0:59:54]} Kf6 {[%clk 0:25:04]} 28. Kf2
{[%clk 1:00:12]} Rc4 {[%clk 0:21:00]} 29. Rh1 {[%clk 1:00:28]} h6
{[%clk 0:20:42]} 30. g4 {[%clk 0:58:16]} Rf8 {[%clk 0:14:21]} 31. Rh5
{[%clk 0:57:40]} Ke7 {[%clk 0:14:07]} 32. Ke3 {[%clk 0:57:13]} Kd6
{[%clk 0:11:46]} 33. Kd3 {[%clk 0:56:41]} b6 {[%clk 0:11:24]} 34. Re5
{[%clk 0:53:31]} Kd7 {[%clk 0:10:39]} 35. g5 {[%clk 0:52:27]} hxg5
{[%clk 0:09:48]} 36. Rxg5 {[%clk 0:52:48]} Rf7 {[%clk 0:08:55]} 37. Be1
{[%clk 0:52:59]} Ke8 {[%clk 0:07:51]} 38. Bg3 {[%clk 0:52:38]} Rd7
{[%clk 0:05:54]} 39. Rh5 {[%clk 0:49:29]} Rf7 {[%clk 0:03:52]} 40. Be5
{[%clk 0:49:45]} Rb7 {[%clk 0:03:01]} 41. Rh8+ {[%clk 0:47:37]} Kf7
{[%clk 0:02:58]} 42. Rd8 {[%clk 0:47:33]} g6 {[%clk 0:00:56]} 43. Rh1
{[%clk 0:47:14]} Ke7 {[%clk 0:00:00]} 44. Ke4 1-0

[Event "queimadasfitas"]
[Site "?"]
[Date "2024.04.25"]
[Round "1.18"]
[White "Guerra, Rui Pedro Oliveira"]
[Black "Vasconcelos, Paulo Jorge Lopes De"]
[Result "0-1"]
[LiveChessVersion "1.4.8"]
[BlackElo "2093"]
[WhiteElo "1639"]

1. e4 {[%clk 1:30:56]} e5 {[%clk 1:30:55]} 2. Nf3 {[%clk 1:31:13]} Nc6
{[%clk 1:31:20]} 3. Bb5 a6 4. Ba4 {[%clk 1:31:09]} d6 {[%clk 1:31:36]} 5. c3
{[%clk 1:30:57]} f5 {[%clk 1:32:01]} 6. d3 {[%clk 1:23:21]} Nf6 {[%clk 1:32:24]}
7. Qe2 {[%clk 1:16:22]} Be7 {[%clk 1:32:46]} 8. O-O {[%clk 1:14:50]} O-O
{[%clk 1:32:49]} 9. Bb3+ {[%clk 1:11:28]} Kh8 {[%clk 1:33:09]} 10. Ng5
{[%clk 1:09:30]} Qe8 {[%clk 1:27:17]} 11. Be6 {[%clk 1:02:34]} f4
{[%clk 1:21:21]} 12. Bxc8 {[%clk 0:53:17]} Rxc8 {[%clk 1:14:42]} 13. Rd1
{[%clk 0:51:21]} Qg6 {[%clk 0:54:43]} 14. Nf3 {[%clk 0:50:54]} Rce8
{[%clk 0:47:52]} 15. Nh4 {[%clk 0:47:31]} Qf7 {[%clk 0:48:12]} 16. Nf5
{[%clk 0:47:47]} Bd8 {[%clk 0:48:12]} 17. Nd2 {[%clk 0:47:14]} d5
{[%clk 0:47:50]} 18. Nf3 {[%clk 0:46:42]} g6 {[%clk 0:47:23]} 19. Ng5
{[%clk 0:45:32]} Qg8 {[%clk 0:46:02]} 20. Nh6 {[%clk 0:32:24]} Qg7
{[%clk 0:46:25]} 21. Ng4 {[%clk 0:32:44]} Qd7 {[%clk 0:42:21]} 22. Nxf6
{[%clk 0:26:52]} Bxf6 {[%clk 0:42:42]} 23. Nf3 {[%clk 0:27:14]} g5
{[%clk 0:42:28]} 24. exd5 {[%clk 0:27:01]} Qxd5 {[%clk 0:42:42]} 25. Qe4
{[%clk 0:27:20]} Qd7 {[%clk 0:40:23]} 26. b3 {[%clk 0:21:12]} g4 {[%clk 0:30:12]}
27. Nd2 {[%clk 0:19:28]} Rg8 {[%clk 0:19:31]} 28. Bb2 {[%clk 0:19:32]} h5
{[%clk 0:19:01]} 29. d4 {[%clk 0:12:51]} exd4 {[%clk 0:18:53]} 30. Qxf4
{[%clk 0:13:14]} Bg5 {[%clk 0:17:45]} 31. Qg3 {[%clk 0:12:32]} d3
{[%clk 0:13:24]} 32. c4+ {[%clk 0:12:21]} Kh7 {[%clk 0:13:29]} 33. Nf1
{[%clk 0:10:33]} Rd8 {[%clk 0:12:21]} 34. Ne3 {[%clk 0:07:18]} Nd4
{[%clk 0:02:01]} 35. Bxd4 {[%clk 0:06:52]} Qxd4 {[%clk 0:02:26]} 36. Qxc7+
{[%clk 0:07:16]} Rd7 {[%clk 0:02:35]} 37. Qa5 {[%clk 0:06:58]} Bxe3
{[%clk 0:02:56]} 38. Qxh5+ {[%clk 0:07:18]} Bh6 {[%clk 0:03:15]} 39. Qf5+
{[%clk 0:07:16]} Kh8 {[%clk 0:03:22]} 0-1